| 000 | 01000cam a22002651 4500 | ||
|---|---|---|---|
| 001 | f 22000009 | ||
| 003 | DLC | ||
| 005 | 20260227111248.0 | ||
| 007 | cr_||||||||||| | ||
| 008 | 940914s1922 dcua 000 0 eng c | ||
| 010 | _af 22000009 | ||
| 035 | _a(OCoLC)31099441 | ||
| 040 |
_aLibrary, U. S. Bur. of Fisheries _cNcD _dDLC |
||
| 042 | _apremarc | ||
| 050 | 0 | 0 |
_aSH191.T5 _bB3 |
| 100 | 1 |
_aBarney, Raymond Livingston, _d1891- |
|
| 245 | 1 | 0 |
_aFurther notes on the natural history and artificial propagation of the diamond-back terrapin. _cBy R. L. Barney ... |
| 260 |
_aWashington, _bGovt. print. off., _c1922. |
||
| 300 |
_a1 p. l., p. 91-111 _bincl. tables, graphs. _c28 cm. |
||
| 490 | 0 |
_a[U. S. Bureau of fisheries] _vDoc. 917 |
|
| 500 | _aFrom Bulletin of the Bureau of fisheries, vol. xxxviii, 1921-1922. | ||
| 530 | _aAlso available in digital form on the Internet Archive Web site. | ||
| 650 | 0 | _aDiamondback terrapin. | |
| 856 | 4 | 1 | _uhttp://hdl.loc.gov/loc.gdc/scd0001.00028713630 |
| 999 |
_c23259 _d23259 |
||